000 00777nam a2200181Ia 4500
008 100921s9999 xx 000 0 und d
082 _b41454
_a780 थ 84
100 _aमिस्त्री आबान.
245 _aपखवाज और तबला मे घरानें एवं परंपराएँ.
260 _bस्वर साधना समिती,मुंबई.
_c1984
300 _a248
_b---
365 _b300
520 _aकला-संगीत.
630 _aपखवाज और तबला मे घरानें एवं परंपराएँ.
650 _aकला-संगीत.
730 _aपखवाज और तबला मे घरानें एवं परंपराएँ.
942 _cBOOK
999 _c790567
_d790564